00391nam a2200157Ia 4500008004100000020002200041041000800063082001600071100001900087245002800106250001100134260004200145300001000187500001800197650001800215260520s2014 xx 000 0 und d a978-81-203-5055-7 aeng a822.009/CHA aChakraborty, K aIndian Drama in English a2nd ed aDELHIbPhi Learning PRIVATE LTDc2014 a421p. aCat No: 15002 aENGLISH DRAMA